00404ntaaa2200157 45000030003000000050017000030080021000200400037000410820017000781000028000952450023001232500010001462600059001563000009002156500022002240120251027202100.00714s1973 ag 01  aAR-BaBNbspacAR-BaBNeaacrdRIC a252.0000 R61 aRodriguez Rivera, J.F.  aAngel de la bondad a1 ed. aEl Paso : bCasa Evangélica de Publicaciones, c1940 a75 p asermones radiales